000 00531nam a2200217Ia 4500
003 OSt
005 20220928140718.0
006 a|||||r|||| 00| 0
007 ta
008 220927b |||||||| |||| 00| 0 eng d
024 _a11269
037 _cTextual
040 _aSDCL
_cSDCL
_beng
041 _2eng
_aeng
082 _aX:8g, N7.1-.2
100 _aMarch James G
245 0 _aHandbook of organizations .2V
260 _c1997
942 _hX:8g, N7.1-.2
_cTEXL
_2CC
999 _c813713
_d813713